Lehne's pharmacology for nursing care / (Record no. 25498)
[ view plain ]
| 000 -LEADER | |
|---|---|
| fixed length control field | 02017cam a22003255a 4500 |
| 001 - CONTROL NUMBER | |
| control field | 18293266 |
| 005 - DATE AND TIME OF LATEST TRANSACTION | |
| control field | 20171024104814.0 |
| 008 - FIXED-LENGTH DATA ELEMENTS--GENERAL INFORMATION | |
| fixed length control field | 140903t2016 moua frb 001 0 eng d |
| 010 ## - LIBRARY OF CONGRESS CONTROL NUMBER | |
| LC control number | 2014035140 |
| 020 ## - INTERNATIONAL STANDARD BOOK NUMBER | |
| International Standard Book Number | 9780323321907 (pbk. : alk. paper) |
| 040 ## - CATALOGING SOURCE | |
| Original cataloging agency | DNLM/DLC |
| Language of cataloging | eng |
| Transcribing agency | DLC |
| Modifying agency | DLC |
| -- | EG-ScBUE |
| 082 04 - DEWEY DECIMAL CLASSIFICATION NUMBER | |
| Classification number | 615.1 |
| Item number | BUR |
| Edition number | 22 |
| 100 1# - MAIN ENTRY--PERSONAL NAME | |
| Personal name | Burchum, Jacqueline Rosenjack. |
| 245 10 - TITLE STATEMENT | |
| Title | Lehne's pharmacology for nursing care / |
| Statement of responsibility, etc | Jacqueline Rosenjack Burchum, Laura D. Rosenthal. |
| 246 30 - VARYING FORM OF TITLE | |
| Title proper/short title | Pharmacology for nursing care |
| 250 ## - EDITION STATEMENT | |
| Edition statement | 9th ed. |
| 260 ## - PUBLICATION, DISTRIBUTION, ETC. (IMPRINT) | |
| Place of publication, distribution, etc | Louis : |
| Name of publisher, distributor, etc | Sounders / ElSevier, |
| Date of publication, distribution, etc | c.2016. |
| 300 ## - PHYSICAL DESCRIPTION | |
| Extent | x, 1414 p. : |
| Other physical details | col. ill. ; |
| Dimensions | 28 cm. |
| 500 ## - GENERAL NOTE | |
| General note | Preceded by Pharmacology for nursing care / Richard A. Lehne ; in consultation with Linda A. Moore, Leanna J. Crosby, Diane B. Hamilton. 8th ed. c2013. |
| 504 ## - BIBLIOGRAPHY, ETC. NOTE | |
| Bibliography, etc | Includes bibliographical references and index. |
| 505 0# - FORMATTED CONTENTS NOTE | |
| Formatted contents note | Unit I: Introduction -- Unit II: Basic principles of pharmacology -- Unit III: Drug therapy across the life span -- Unit IV: Peripheral nervous system drugs -- Unit V: Central nervous system drugs -- Unit VI: Drugs that affect fluid and electrolyte balance -- Unit VII: Drugs that affect the heart, blood vessels, and blood -- Unit VIII: Drugs for endocrine disorders -- Unit IX: Women's health -- Unit X: Men's health -- Unit XI: Antiinflammatory, antiallergic, and immunologic drugs -- Unit XII: Drugs for bone and joint disorders -- Unit XIII: Respiratory tract drugs -- Unit XIV: Gastrointestinal drugs -- Unit XV: Nutrition -- Unit XVI: Chemotherapy of infectious diseases -- Unit XVII: Chemotherapy of parasitic diseases -- Unit XVIII: Cancer chemotherapy -- Unit XIX: Miscellaneous drugs and therapies -- Unit XX: Toxicology. |
| 650 #7 - SUBJECT ADDED ENTRY--TOPICAL TERM | |
| Topical term or geographic name as entry element | Pharmacology. |
| Source of heading or term | BUEsh |
| 650 #7 - SUBJECT ADDED ENTRY--TOPICAL TERM | |
| Topical term or geographic name as entry element | Nursing. |
| Source of heading or term | BUEsh |
| 651 ## - SUBJECT ADDED ENTRY--GEOGRAPHIC NAME | |
| Source of heading or term | BUEsh |
| 653 ## - INDEX TERM--UNCONTROLLED | |
| Resource For college | Nursing |
| Arrived date list | October2017 |
| 655 ## - INDEX TERM--GENRE/FORM | |
| Form subdivision | Text book |
| -- | 33728 |
| 700 1# - ADDED ENTRY--PERSONAL NAME | |
| Personal name | Rosenthal, Laura D. |
| 700 1# - ADDED ENTRY--PERSONAL NAME | |
| Personal name | Lehne, Richard A., |
| Dates associated with a name | 1943- |
| Title of a work | Pharmacology for nursing care. |
| 942 ## - ADDED ENTRY ELEMENTS (KOHA) | |
| Source of classification or shelving scheme | Dewey Decimal Classification |
| Withdrawn status | Item status | Source of classification or shelving scheme | Damaged status | Not for loan | Vendor | Home library | Current library | Shelving location | Date acquired | Source of acquisition | Cost, normal purchase price | Total Checkouts | Full call number | Barcode | Date last seen | Koha item type | Total Renewals | Date last borrowed |
|---|---|---|---|---|---|---|---|---|---|---|---|---|---|---|---|---|---|---|
| Dewey Decimal Classification | Baccah | Central Library | Central Library | First floor | 24/10/2017 | Purchase | 1280.00 | 615.1 BUR | 000042195 | 15/07/2025 | Book - Borrowing | |||||||
| Dewey Decimal Classification | Baccah | Central Library | Central Library | First floor | 24/10/2017 | Purchase | 1280.00 | 1 | 615.1 BUR | 000042196 | 15/07/2025 | Book - Borrowing | 23 | 14/10/2018 | ||||
| Dewey Decimal Classification | Baccah | Central Library | Central Library | First floor | 24/10/2017 | Purchase | 1280.00 | 615.1 BUR | 000042197 | 15/07/2025 | Book - Borrowing | |||||||
| Dewey Decimal Classification | Baccah | Central Library | Central Library | First floor | 24/10/2017 | Purchase | 1280.00 | 615.1 BUR | 000042198 | 15/07/2025 | NB - Book (Non borrowing) |